<?xml version="1.0" encoding="UTF-8"?>
<record
    xmlns:xsi="http://www.w3.org/2001/XMLSchema-instance"
    xsi:schemaLocation="http://www.loc.gov/MARC21/slim http://www.loc.gov/standards/marcxml/schema/MARC21slim.xsd"
    xmlns="http://www.loc.gov/MARC21/slim">

  <leader>00370    a2200145   4500</leader>
  <controlfield tag="005">20240521155223.0</controlfield>
  <controlfield tag="008">231102b        |||||||| |||| 00| 0 eng d</controlfield>
  <datafield tag="020" ind1=" " ind2=" ">
    <subfield code="a">9788126912230</subfield>
  </datafield>
  <datafield tag="041" ind1=" " ind2=" ">
    <subfield code="a">Eng</subfield>
  </datafield>
  <datafield tag="100" ind1=" " ind2=" ">
    <subfield code="a">Jha A.</subfield>
  </datafield>
  <datafield tag="245" ind1=" " ind2=" ">
    <subfield code="a">Traditional Knowledge System in India</subfield>
  </datafield>
  <datafield tag="260" ind1=" " ind2=" ">
    <subfield code="b">Atlantic publishers &amp; Distributors (P) LTD</subfield>
    <subfield code="c">2009</subfield>
  </datafield>
  <datafield tag="300" ind1=" " ind2=" ">
    <subfield code="a">392</subfield>
  </datafield>
  <datafield tag="942" ind1=" " ind2=" ">
    <subfield code="c">BK</subfield>
  </datafield>
  <datafield tag="999" ind1=" " ind2=" ">
    <subfield code="c">356384</subfield>
    <subfield code="d">356384</subfield>
  </datafield>
  <datafield tag="952" ind1=" " ind2=" ">
    <subfield code="0">0</subfield>
    <subfield code="1">0</subfield>
    <subfield code="2">ddc</subfield>
    <subfield code="4">0</subfield>
    <subfield code="7">0</subfield>
    <subfield code="a">CCEP</subfield>
    <subfield code="b">CCEP</subfield>
    <subfield code="d">2023-10-18</subfield>
    <subfield code="e">147</subfield>
    <subfield code="g">896.25</subfield>
    <subfield code="l">4</subfield>
    <subfield code="o">305.0954 JHA</subfield>
    <subfield code="p">CCEP-BK-65650</subfield>
    <subfield code="q">2026-06-29</subfield>
    <subfield code="r">2025-12-30 15:02:52</subfield>
    <subfield code="s">2025-12-30</subfield>
    <subfield code="v">1195.00</subfield>
    <subfield code="w">2023-10-18</subfield>
    <subfield code="y">BK</subfield>
  </datafield>
  <datafield tag="952" ind1=" " ind2=" ">
    <subfield code="0">0</subfield>
    <subfield code="1">0</subfield>
    <subfield code="2">ddc</subfield>
    <subfield code="4">0</subfield>
    <subfield code="7">0</subfield>
    <subfield code="a">CCEP</subfield>
    <subfield code="b">CCEP</subfield>
    <subfield code="d">2023-10-18</subfield>
    <subfield code="e">147</subfield>
    <subfield code="g">896.25</subfield>
    <subfield code="l">2</subfield>
    <subfield code="o">305.0954 JHA</subfield>
    <subfield code="p">CCEP-BK-65649</subfield>
    <subfield code="q">2026-03-11</subfield>
    <subfield code="r">2025-09-12 00:00:00</subfield>
    <subfield code="s">2025-09-12</subfield>
    <subfield code="v">1195.00</subfield>
    <subfield code="w">2023-10-18</subfield>
    <subfield code="y">BK</subfield>
  </datafield>
  <datafield tag="952" ind1=" " ind2=" ">
    <subfield code="0">0</subfield>
    <subfield code="1">0</subfield>
    <subfield code="2">ddc</subfield>
    <subfield code="4">0</subfield>
    <subfield code="7">0</subfield>
    <subfield code="a">CCEP</subfield>
    <subfield code="b">CCEP</subfield>
    <subfield code="d">2023-10-18</subfield>
    <subfield code="e">147</subfield>
    <subfield code="g">896.25</subfield>
    <subfield code="l">0</subfield>
    <subfield code="o">305.0954 JHA</subfield>
    <subfield code="p">CCEP-BK-65648</subfield>
    <subfield code="r">2023-10-18 00:00:00</subfield>
    <subfield code="v">1195.00</subfield>
    <subfield code="w">2023-10-18</subfield>
    <subfield code="y">BK</subfield>
  </datafield>
  <datafield tag="952" ind1=" " ind2=" ">
    <subfield code="0">0</subfield>
    <subfield code="1">0</subfield>
    <subfield code="2">ddc</subfield>
    <subfield code="4">0</subfield>
    <subfield code="7">4</subfield>
    <subfield code="a">CCEP</subfield>
    <subfield code="b">CCEP</subfield>
    <subfield code="d">2023-10-18</subfield>
    <subfield code="e">147</subfield>
    <subfield code="g">896.25</subfield>
    <subfield code="o">305.0954 JHA</subfield>
    <subfield code="p">CCEP-BK-65651</subfield>
    <subfield code="r">2025-09-29 08:38:12</subfield>
    <subfield code="v">1195.00</subfield>
    <subfield code="w">2023-10-18</subfield>
    <subfield code="y">BK</subfield>
  </datafield>
  <datafield tag="952" ind1=" " ind2=" ">
    <subfield code="0">0</subfield>
    <subfield code="1">0</subfield>
    <subfield code="2">ddc</subfield>
    <subfield code="4">0</subfield>
    <subfield code="7">0</subfield>
    <subfield code="a">CCEP</subfield>
    <subfield code="b">CCEP</subfield>
    <subfield code="d">2023-10-18</subfield>
    <subfield code="e">147</subfield>
    <subfield code="g">896.25</subfield>
    <subfield code="l">2</subfield>
    <subfield code="o">305.0954 JHA</subfield>
    <subfield code="p">CCEP-BK-65647</subfield>
    <subfield code="r">2025-09-15 08:57:59</subfield>
    <subfield code="s">2024-04-19</subfield>
    <subfield code="v">1195.00</subfield>
    <subfield code="w">2023-10-18</subfield>
    <subfield code="y">BK</subfield>
  </datafield>
</record>
